000 00501nam a2200157 i 4500
001 88689
003 ES-MaACL
007 t|
008 050105q1954 sp ||||1| spa d
100 1 _aLana García, Francisco
_969886
245 1 0 _aCurso de taquigrafía martiniana en nueve lecciones /
_cexplicadas por Francisco Langa García.
260 _aMadrid :
_b[s.n.,
_c1954?] (
_fManuel Cortina)
300 _a169 p. ;
_c22 cm.
852 _aES-MaACL
_jC-8383
_bR.36480
999 _c88689
_d88689